| 000 | 01161cam a2200349 a 4500 | ||
|---|---|---|---|
| 001 | 12952795 | ||
| 003 | GBCCL | ||
| 005 | 20241126110405.0 | ||
| 008 | 020710s2001 ii 000 0ceng | ||
| 010 | _a 2002314633 | ||
| 020 | _a8178200635 | ||
| 025 | _aI-E-2002-314633; 26; 69-90 | ||
| 035 | _a(DLC) 2002314633 | ||
| 037 |
_bLibrary of Congress -- New Delhi Overseas Office _cRs200.00 |
||
| 040 |
_aDLC _cDLC _dDLC |
||
| 042 | _alcode | ||
| 043 | _aa-ii--- | ||
| 050 | 0 | 0 |
_aBV3269.A1 _bM35 2001 |
| 082 |
_a248.246092 _bMAN |
||
| 100 | 1 |
_aMangalwadi, Vishal. _93314 |
|
| 245 | 1 | 4 |
_aThe quest for freedom & dignity : _bcaste, conversion & cultural revolution / _cVishal Mangalwadi. |
| 246 | 3 | _aQuest for freedom and dignity | |
| 250 | _a1st ed. | ||
| 260 |
_aMumbai : _bGLS Pub., _c2001. |
||
| 300 |
_axxi, 199 p. ; _c21 cm. |
||
| 520 | _aBiographical account of few Hindus who converted to Christianity. | ||
| 650 | 0 |
_aChristian converts from Hinduism _zIndia _vBiography. _93315 |
|
| 650 | 0 |
_aMissions to Hindus _zIndia. _93148 |
|
| 906 |
_a7 _bcbc _corigode _d3 _encip _f20 _gy-gencatlg |
||
| 942 |
_2ddc _cBK _01 |
||
| 999 |
_c1620 _d1620 |
||